ბათუმის შოთა რუსთაველის სახელმწიფო უნივერსიტეტის ბიბლიოთეკა

ბურჟუაზიული პოლიტიკური ეკონომიის კრიტიკა: (ბიბ.ჩანაწერი № 63525)

000 -ლიდერი
ფიქსირებული სიგრძის საკონტროლო ველი 00868nam a22001937a 4500
003 - საკონტროლო ნომრის იდენტიფიკატორი
საკონტროლო ველი Ge_BSU
005 - ბოლო ოპერაციის თარიღი და დრო
საკონტროლო ველი 20251024202946.0
008 - ფიქსირებული სიგრძის მონაცემთა ელემენტები - ზოგადი ინფორმაცია
ფიქსირებული სიგრძის საკონტროლო ველი 251024s1969 ge ||||| |||| 00| 0 geo d
041 ## - ენის კოდი
Language code of text/sound track or separate title geo
080 ## - უნივერსალური ათობითი კლასიფიკაციის ინდექსი
Universal Decimal Classification number 330.1(1-662)(075.8) ჭ-23
100 ## - მთავარი ჩანაწერი - პიროვნების სახელი
Personal name ჭანუყვაძე, გ.
9 (RLIN) 26110
245 ## - ცნობა სათაურის შესახებ
Title ბურჟუაზიული პოლიტიკური ეკონომიის კრიტიკა:
Remainder of title ნაწ. 4, თანამედროვე ეკონომიური მოძღვრებანი /
Statement of responsibility, etc გ. ჭანუყვაძე.
264 ## - წარმოების, გამოცემის, დისტრიბუციის და სხვა ცნობები
გამოცემის, წარმოების, დისტრიბუციის... ადგილი თბილისი,
გამოცემის, წარმოების, დისტრიბუციის... თარიღი 1969.
300 ## - ფიზიკური აღწერა
Extent 332 გვ.;
Other physical details 22 სმ.
653 ## - INDEX TERM--UNCONTROLLED
Uncontrolled term პოლიტიკური ეკონომია
653 ## - INDEX TERM--UNCONTROLLED
Uncontrolled term ეკონომიკური მოძღვრებები
700 ## - ADDED ENTRY--PERSONAL NAME
Personal name
9 (RLIN) 26111
942 ## - ADDED ENTRY ELEMENTS (KOHA)
Source of classification or shelving scheme
Koha item type წიგნი
ეგზემპლარები
ჩამოწერის სტატუსი დაკარგული ეგზემპლარის სტატუსი კლასიფიკაციის წყარო ან თაროზე გაწყობის სქემა დაზიანების სტატუსი არ გაიცემა მუდმივი მდებარეობა (დაცვის ადგილი) ამჟამინდელი ადგილსამყოფელი თაროზე განთავსების ადგილი შეძენის თარიღი ღირებულება, შესყიდვის ნორმალური ფასი სრული შენახვის შიფრი შტრიხკოდი ბოლო ოპერაციის თარიღი ეგზემპლარის მიმდევრობითი ნომერი (კეტერი?) ფასის ძალაში შესვლის თარიღი ეგზემპლარის სახეობა საჯარო შენიშვნა
          ბათუმის შოთა რუსთაველის სახელმწიფო უნივერსიტეტის მთავარი ბიბლიოთეკა ბათუმის შოთა რუსთაველის სახელმწიფო უნივერსიტეტის მთავარი ბიბლიოთეკა წიგნსაცავი 2025-10-24 2.00 330.1(1-662)(075.8) ჭ-23 72810 2025-10-24 72810 2025-10-24 წიგნი 2 ლ.
          ბათუმის შოთა რუსთაველის სახელმწიფო უნივერსიტეტის მთავარი ბიბლიოთეკა ბათუმის შოთა რუსთაველის სახელმწიფო უნივერსიტეტის მთავარი ბიბლიოთეკა წიგნსაცავი 2025-10-24 2.00 330.1(1-662)(075.8) ჭ-23 72811 2025-10-24 72811 2025-10-24 წიგნი 2 ლ.
          ბათუმის შოთა რუსთაველის სახელმწიფო უნივერსიტეტის მთავარი ბიბლიოთეკა ბათუმის შოთა რუსთაველის სახელმწიფო უნივერსიტეტის მთავარი ბიბლიოთეკა წიგნსაცავი 2025-10-24 2.00 330.1(1-662)(075.8) ჭ-23 72812 2025-10-24 72812 2025-10-24 წიგნი 2 ლ.
          ბათუმის შოთა რუსთაველის სახელმწიფო უნივერსიტეტის მთავარი ბიბლიოთეკა ბათუმის შოთა რუსთაველის სახელმწიფო უნივერსიტეტის მთავარი ბიბლიოთეკა წიგნსაცავი 2025-10-24 2.00 330.1(1-662)(075.8) ჭ-23 72813 2025-10-24 72813 2025-10-24 წიგნი 2 ლ.